[Event "MEX-ch U26"]
[Site "Puebla"]
[Date "2014.04.29"]
[Round "5.7"]
[White "Corona Villar, Edgar"]
[Black "Juarez Carrillo, Sergio"]
[Result "0-1"]
[WhiteElo "2058"]
[BlackElo "1900"]
[PlyCount "86"]
[EventDate "2014.04.28"]
[EventType "swiss"]
[EventRounds "6"]
[EventCountry "MEX"]
[SourceTitle "CBM 160 Extra"]
[Source "ChessBase"]
[SourceDate "2014.07.01"]
[SourceVersion "1"]
[SourceVersionDate "2014.07.01"]
[SourceQuality "1"]

1. f4 d5 2. Nf3 Nf6 3. g3 g6 4. Bg2 Bg7 5. 0-0 0-0 6. d3 c5 7. Nc3 Nc6 8. Ne5 Nxe5 9. fxe5 Ng4 10. Nxd5 e6 11. Nf6+ Nxf6 12. exf6 Bxf6 13. c3 Bg7 14. Be3 Qd6 15. Qd2 Rb8 16. Bh6 b6 17. Rad1 e5 18. e4 Be6 19. Bxg7 Kxg7 20. b3 Rbd8 21. Qg5 f6 22. Qe3 b5 23. Rd2 Rf7 24. Rfd1 Rfd7 25. Bf3 Qb6 26. Kf2 Rd6 27. Be2 a5 28. Rb2 Qc7 29. a3 b4 30. axb4 axb4 31. Rc1 Rc6 32. cxb4 cxb4 33. Ra1 Rd7 34. Ra4 Qd6 35. Ra1 Rc3 36. h4 h5 37. Ra7 Rxa7 38. Qxa7+ Bf7 39. Ke1 Qe6 40. d4 exd4 41. Qxd4 Qh3 42. Qxb4 Qxg3+ 43. Kd2 Qe3+ 0-1

[Event "Mexican op 54th"]
[Site "Aguascalientes"]
[Date "2008.03.19"]
[Round "2"]
[White "Mitkov, Nikola"]
[Black "Corona Villar, Edgar"]
[Result "1-0"]
[WhiteElo "2538"]
[BlackElo "2206"]
[PlyCount "62"]
[EventDate "2008.03.18"]
[EventType "swiss"]
[EventRounds "9"]
[EventCountry "MEX"]
[SourceTitle "CBM 123 Extra"]
[Source "ChessBase"]
[SourceDate "2008.05.06"]
[SourceVersion "1"]
[SourceVersionDate "2008.05.06"]
[SourceQuality "1"]

1. e4 d6 2. Nc3 Nf6 3. Bc4 g6 4. d3 Bg7 5. f4 0-0 6. Nf3 Bg4 7. h3 Bxf3 8. Qxf3 Nc6 9. 0-0 Na5 10. Bb3 Nxb3 11. axb3 c6 12. Qf2 a6 13. f5 Qc7 14. Qh4 d5 15. Bf4 e5 16. Bg5 Qd6 17. Rf3 dxe4 18. dxe4 Nh5 19. Rd1 Qc7 20. Rfd3 f6 21. Be3 Rfd8 22. Qg4 Rxd3 23. Rxd3 Rd8 24. Rxd8+ Qxd8 25. fxg6 hxg6 26. Qxg6 Nf4 27. Qg4 Qa5 28. Bxf4 exf4 29. Qe6+ Kh7 30. Qf5+ Qxf5 31. exf5 Bf8 1-0

[Event "MEX-ch"]
[Site "Pachuca"]
[Date "2007.11.08"]
[Round "2"]
[White "Morales Garcia, Sergio Joshafatt"]
[Black "Corona Villar, Edgar"]
[Result "1-0"]
[WhiteElo "2296"]
[BlackElo "1507"]
[PlyCount "37"]
[EventDate "2007.11.08"]
[EventType "swiss"]
[EventRounds "6"]
[EventCountry "MEX"]
[SourceTitle "EXT 2024"]
[Source "ChessBase"]
[SourceDate "2023.10.10"]
[SourceVersion "1"]
[SourceVersionDate "2023.10.10"]
[SourceQuality "1"]

1. e4 d6 2. d4 Nf6 3. Nc3 g6 4. f4 Bg7 5. Nf3 0-0 6. Be3 Bg4 7. h3 Bxf3 8. Qxf3 Nc6 9. 0-0-0 a5 10. e5 Nd7 11. h4 e6 12. h5 Qe7 13. hxg6 fxg6 14. Qh3 Bh8 15. Bc4 d5 16. Nxd5 Qg7 17. Nxc7 Rac8 18. Nxe6 Qf7 19. Ng5 1-0